[Event "Latin Am zt15 sf3 corr"]
[Site "CADAP corr"]
[Date "2000.??.??"]
[Round "?"]
[White "Cano de Meio, Gustavo Roman"]
[Black "Luzardo Alvarez, Julio Cesar"]
[Result "0-1"]
[WhiteElo "2470"]
[BlackElo "2202"]
[PlyCount "40"]
[EventDate "2000.??.??"]
[EventType "tourn (corr)"]
[EventRounds "14"]
[EventCategory "4"]
[SourceTitle "Corr 2002"]
[Source "ChessBase"]
[SourceDate "2002.05.23"]
[SourceVersion "1"]
[SourceVersionDate "2002.05.23"]
[SourceQuality "1"]

1. e4 c6 2. d4 d5 3. e5 Bf5 4. Nc3 e6 5. g4 Bg6 6. Nge2 c5 7. h4 h6 8. Be3 Nc6 9. dxc5 Nxe5 10. Nf4 a6 11. Bg2 Nf6 12. Qe2 Bh7 13. 0-0-0 Be7 14. g5 hxg5 15. hxg5 Nfd7 16. Ncxd5 exd5 17. Nxd5 Rc8 18. f4 Nc6 19. Bh3 Kf8 20. Nxe7 Qxe7 0-1

[Event "Latin Am zt15 sf3 corr"]
[Site "CADAP corr"]
[Date "2000.??.??"]
[Round "?"]
[White "Dias, Sergio Moreira Ferr"]
[Black "Luzardo Alvarez, Julio Cesar"]
[Result "1/2-1/2"]
[WhiteElo "2405"]
[BlackElo "2202"]
[PlyCount "126"]
[EventDate "2000.??.??"]
[EventType "tourn (corr)"]
[EventRounds "14"]
[EventCategory "4"]
[SourceTitle "Corr 2002"]
[Source "ChessBase"]
[SourceDate "2002.05.23"]
[SourceVersion "1"]
[SourceVersionDate "2002.05.23"]
[SourceQuality "1"]

1. e4 c6 2. d4 d5 3. Nc3 dxe4 4. Nxe4 Bf5 5. Ng3 Bg6 6. h4 h6 7. Nf3 Nd7 8. h5 Bh7 9. Bd3 Bxd3 10. Qxd3 Qc7 11. Bd2 Ngf6 12. 0-0-0 e6 13. Ne4 Be7 14. g3 0-0-0 15. Kb1 Nxe4 16. Qxe4 Rhe8 17. Qe2 Bd6 18. Rhe1 Nf6 19. Ne5 c5 20. dxc5 Bxc5 21. g4 Rd4 22. Bc3 Re4 23. Qb5 Rxe1 24. Bxe1 a6 25. Qe2 Nd5 26. Nd3 Bd6 27. c4 Nf4 28. Nxf4 Bxf4 29. Bc3 f6 30. Qe4 Kb8 31. a3 Bd6 32. f3 e5 33. f4 Rc8 34. Qd5 Be7 35. Qe6 Bxa3 36. bxa3 Qxc4 37. Qxc4 Rxc4 38. Ba5 Rxf4 39. Bb6 Rc4 40. Rd8+ Rc8 41. Rxc8+ Kxc8 42. Bc5 Kd7 43. Bf8 Ke6 44. Bxg7 f5 45. Bxh6 fxg4 46. Kc2 b5 47. Kd3 Kf5 48. Bd2 g3 49. Ke2 e4 50. Kf1 a5 51. h6 Kg6 52. Kg2 b4 53. a4 b3 54. Bc1 e3 55. Kxg3 Kxh6 56. Kf3 Kg6 57. Kxe3 Kf6 58. Kd4 Ke6 59. Kc5 Kd7 60. Kb6 Kc8 61. Ka7 Kc7 62. Bb2 Kc6 63. Ba3 Kc7 1/2-1/2

[Event "Latin Am zt15 sf3 corr"]
[Site "CADAP corr"]
[Date "2000.??.??"]
[Round "?"]
[White "Luzardo Alvarez, Julio Cesar"]
[Black "Diani, Jose Angel"]
[Result "1/2-1/2"]
[WhiteElo "2202"]
[BlackElo "2443"]
[PlyCount "89"]
[EventDate "2000.??.??"]
[EventType "tourn (corr)"]
[EventRounds "14"]
[EventCategory "4"]
[SourceTitle "Corr 2002"]
[Source "ChessBase"]
[SourceDate "2002.05.23"]
[SourceVersion "1"]
[SourceVersionDate "2002.05.23"]
[SourceQuality "1"]

1. d4 Nf6 2. c4 e6 3. Nc3 d5 4. cxd5 exd5 5. Bg5 c6 6. e3 Be7 7. Nf3 0-0 8. Qc2 Be6 9. Bd3 h6 10. Bh4 Nbd7 11. 0-0 Nh5 12. Bxe7 Qxe7 13. Rac1 Bg4 14. Nd2 Qg5 15. Rfe1 Bh3 16. Bf1 Bf5 17. e4 dxe4 18. Ndxe4 Qg6 19. Qd2 Rad8 20. f3 Rfe8 21. Kh1 Nf8 22. d5 Bxe4 23. fxe4 Nf6 24. Bd3 Qg4 25. Qf2 cxd5 26. Be2 Qg5 27. exd5 Qd2 28. Rb1 Nxd5 29. Rbd1 Qf4 30. Qxa7 Nxc3 31. Rxd8 Rxd8 32. bxc3 Qd2 33. Qf2 Qxa2 34. Qf1 Rc8 35. Ra1 Qe6 36. c4 Nd7 37. Bd3 Re8 38. Bf5 Qc6 39. Re1 Ne5 40. Qe2 Kf8 41. Be4 Qxc4 42. Bxb7 Qxe2 43. Rxe2 f6 44. g3 Rd8 45. Kg2 1/2-1/2

[Event "Latin Am zt15 sf3 corr"]
[Site "CADAP corr"]
[Date "2000.??.??"]
[Round "?"]
[White "Luzardo Alvarez, Julio Cesar"]
[Black "Rain, Ricardo Ernesto"]
[Result "1/2-1/2"]
[WhiteElo "2202"]
[BlackElo "2381"]
[PlyCount "86"]
[EventDate "2000.??.??"]
[EventType "tourn (corr)"]
[EventRounds "14"]
[EventCategory "4"]
[SourceTitle "Corr 2002"]
[Source "ChessBase"]
[SourceDate "2002.05.23"]
[SourceVersion "1"]
[SourceVersionDate "2002.05.23"]
[SourceQuality "1"]

1. d4 Nf6 2. c4 g6 3. Nc3 Bg7 4. e4 d6 5. Nf3 0-0 6. Be2 e5 7. 0-0 Nbd7 8. Be3 a5 9. dxe5 dxe5 10. Nd2 c6 11. c5 Qe7 12. Qa4 Rd8 13. Nb3 Nf8 14. Rad1 Rxd1 15. Rxd1 Ne6 16. f3 Nd7 17. Nxa5 Qf8 18. b4 Bf6 19. Bc4 Nd4 20. Bb3 Be7 21. Bxd4 exd4 22. Nb5 cxb5 23. Qxb5 Bg5 24. Nc4 Qe7 25. Rxd4 Ne5 26. Rd1 Nxc4 27. Bxc4 Be3+ 28. Kh1 Bf4 29. a4 Be6 30. Bxe6 Qxe6 31. Rd5 Qf6 32. g3 Qa1+ 33. Kg2 Be3 34. Qe2 Qg1+ 35. Kh3 Rxa4 36. Rd8+ Kg7 37. Qb2+ Kh6 38. Rd6 Qf1+ 39. Kg4 Qf2 40. Qf6 Qxh2 41. Rd5 Ra8 42. Qxf7 Qh1 43. Qf6 Re8 1/2-1/2

[Event "Latin Am zt15 sf3 corr"]
[Site "CADAP corr"]
[Date "2000.??.??"]
[Round "?"]
[White "Morihama, Nicolau"]
[Black "Luzardo Alvarez, Julio Cesar"]
[Result "0-1"]
[WhiteElo "2354"]
[BlackElo "2202"]
[PlyCount "92"]
[EventDate "2000.??.??"]
[EventType "tourn (corr)"]
[EventRounds "14"]
[EventCategory "4"]
[SourceTitle "Corr 2002"]
[Source "ChessBase"]
[SourceDate "2002.05.23"]
[SourceVersion "1"]
[SourceVersionDate "2002.05.23"]
[SourceQuality "1"]

1. d4 d5 2. c4 e6 3. Nf3 Nf6 4. g3 dxc4 5. Qa4+ Nbd7 6. Bg2 a6 7. Nc3 Rb8 8. Qxc4 b5 9. Qd3 Bb7 10. 0-0 c5 11. dxc5 Nxc5 12. Qxd8+ Rxd8 13. Rd1 Rxd1+ 14. Nxd1 Bd6 15. Be3 Ke7 16. Bd4 Rc8 17. Rc1 Nce4 18. Rxc8 Bxc8 19. Ne5 Bb7 20. Nd3 g6 21. f3 Nd2 22. Kf2 Nd7 23. e4 Nc4 24. f4 e5 25. Bc3 Nf6 26. b3 Bxe4 27. Bxe4 Nxe4+ 28. Ke2 exf4 29. bxc4 fxg3 30. hxg3 bxc4 31. N3b2 Bxg3 32. Nxc4 h5 33. Nd2 Nxc3+ 34. Nxc3 f5 35. Nf3 h4 36. Kf1 Kf6 37. Nd5+ Ke6 38. Nb4 a5 39. Nc6 a4 40. Nb4 f4 41. Nd3 Kf5 42. Nc5 a3 43. Nd4+ Ke5 44. Nf3+ Kd5 45. Na4 Ke4 46. Ke2 Kf5 0-1

[Event "Linskens mem-B corr"]
[Site "Argentina"]
[Date "1999.??.??"]
[Round "?"]
[White "Gimenez, Dante Manuel"]
[Black "Luzardo Alvarez, Julio Cesar"]
[Result "1-0"]
[WhiteElo "2385"]
[BlackElo "2276"]
[PlyCount "69"]
[EventDate "1999.11.01"]
[EventType "tourn (corr)"]
[EventRounds "14"]
[EventCountry "ARG"]
[SourceTitle "Corr 2006"]
[Source "ChessBase"]
[SourceDate "2006.04.01"]
[SourceVersion "3"]
[SourceVersionDate "2006.04.01"]
[SourceQuality "1"]

1. d4 d5 2. c4 e6 3. Nc3 c6 4. e3 Nf6 5. Nf3 Nbd7 6. Qc2 Bd6 7. Bd3 0-0 8. 0-0 Qe7 9. c5 Bc7 10. e4 dxe4 11. Nxe4 Nxe4 12. Bxe4 f5 13. Bd3 Nf6 14. Re1 Ba5 15. Bd2 Bxd2 16. Qxd2 Nd5 17. Re5 Bd7 18. Rae1 Qf6 19. Bc4 b5 20. Bxd5 exd5 21. Re7 Rf7 22. R7e2 Rff8 23. Ne5 Be8 24. Qf4 a5 25. h4 a4 26. Nf3 Bd7 27. Re7 Rf7 28. Qd6 Rxe7 29. Rxe7 Be8 30. Ng5 Qxd6 31. cxd6 h6 32. Ne6 Bf7 33. Nc5 f4 34. Nb7 Kf8 35. Rc7 1-0

[Event "Linskens mem-B corr"]
[Site "Argentina"]
[Date "1999.??.??"]
[Round "?"]
[White "Luzardo Alvarez, Julio Cesar"]
[Black "Pesce, Leonardo Francisco"]
[Result "1-0"]
[WhiteElo "2276"]
[BlackElo "2391"]
[PlyCount "53"]
[EventDate "1999.11.01"]
[EventType "tourn (corr)"]
[EventRounds "14"]
[EventCountry "ARG"]
[SourceTitle "Corr 2006"]
[Source "ChessBase"]
[SourceDate "2006.04.01"]
[SourceVersion "3"]
[SourceVersionDate "2006.04.01"]
[SourceQuality "1"]

1. d4 Nf6 2. c4 g6 3. Nc3 d5 4. cxd5 Nxd5 5. e4 Nxc3 6. bxc3 Bg7 7. Bc4 0-0 8. Ne2 c5 9. 0-0 Nc6 10. Be3 Bg4 11. f3 Na5 12. Bd3 cxd4 13. cxd4 Be6 14. Qd2 Nc4 15. Bxc4 Bxc4 16. Rfd1 Qd6 17. a4 Rfd8 18. a5 b5 19. axb6 axb6 20. Rxa8 Rxa8 21. e5 Qd7 22. Nc3 b5 23. Rb1 b4 24. Rxb4 Qc7 25. Qb2 h6 26. Rb7 Qd8 27. Rb4 1-0

[Event "Linskens mem-B corr"]
[Site "Argentina"]
[Date "1999.??.??"]
[Round "?"]
[White "Piasini, Antonio"]
[Black "Luzardo Alvarez, Julio Cesar"]
[Result "1/2-1/2"]
[WhiteElo "2377"]
[BlackElo "2276"]
[PlyCount "35"]
[EventDate "1999.11.01"]
[EventType "tourn (corr)"]
[EventRounds "14"]
[EventCountry "ARG"]
[SourceTitle "Corr 2006"]
[Source "ChessBase"]
[SourceDate "2006.04.01"]
[SourceVersion "3"]
[SourceVersionDate "2006.04.01"]
[SourceQuality "1"]

1. d4 d5 2. Nf3 Nf6 3. Bf4 e6 4. e3 Bd6 5. Ne5 0-0 6. Nd2 c5 7. dxc5 Bxc5 8. Bd3 Nc6 9. 0-0 Nxe5 10. Bxe5 Nd7 11. Bg3 f5 12. Nf3 Nf6 13. c4 b6 14. Qe2 Bb7 15. cxd5 Bxd5 16. Rfd1 Bd6 17. Bxd6 Qxd6 18. Bc4 1/2-1/2

[Event "Linskens mem-B corr"]
[Site "Argentina"]
[Date "1999.??.??"]
[Round "?"]
[White "Sanchez, Jose Julio"]
[Black "Luzardo Alvarez, Julio Cesar"]
[Result "1/2-1/2"]
[WhiteElo "2308"]
[BlackElo "2276"]
[PlyCount "25"]
[EventDate "1999.11.01"]
[EventType "tourn (corr)"]
[EventRounds "14"]
[EventCountry "ARG"]
[SourceTitle "Corr 2006"]
[Source "ChessBase"]
[SourceDate "2006.04.01"]
[SourceVersion "3"]
[SourceVersionDate "2006.04.01"]
[SourceQuality "1"]

1. e4 c6 2. d4 d5 3. Nc3 dxe4 4. Nxe4 Bf5 5. Ng3 Bg6 6. h4 h6 7. Nf3 Nd7 8. h5 Bh7 9. Be2 e6 10. Bf4 Qb6 11. Qc1 Ngf6 12. c3 Be7 13. a4 1/2-1/2

[Event "Pappier mem-C email"]
[Site "Argentina"]
[Date "1998.??.??"]
[Round "?"]
[White "Colombo Berra, Fernando"]
[Black "Luzardo Alvarez, Julio Cesar"]
[Result "1-0"]
[WhiteElo "2336"]
[BlackElo "2304"]
[PlyCount "47"]
[EventDate "1998.??.??"]
[EventType "tourn (corr)"]
[EventRounds "14"]
[EventCountry "ARG"]
[EventCategory "5"]
[SourceTitle "Corr 2002"]
[Source "ChessBase"]
[SourceDate "2002.05.23"]
[SourceVersion "1"]
[SourceVersionDate "2002.05.23"]
[SourceQuality "1"]

1. e4 c6 2. d4 d5 3. e5 Bf5 4. Nc3 e6 5. g4 Bg6 6. Nge2 f6 7. h4 c5 8. Bg2 Nc6 9. f4 cxd4 10. Nxd4 Nxd4 11. Qxd4 Bxc2 12. Qd2 Bg6 13. f5 exf5 14. Bxd5 Qe7 15. e6 fxg4 16. Qe2 0-0-0 17. Be3 Qb4 18. a3 Qa5 19. Qc4+ Kb8 20. b4 Bxb4 21. Qxb4 Qxb4 22. axb4 a6 23. Bf4+ Kc8 24. Rc1 1-0

[Event "Pappier mem-C email"]
[Site "Argentina"]
[Date "1998.??.??"]
[Round "?"]
[White "Gonzalez, Alberto H"]
[Black "Luzardo Alvarez, Julio Cesar"]
[Result "0-1"]
[WhiteElo "2459"]
[BlackElo "2304"]
[PlyCount "58"]
[EventDate "1998.??.??"]
[EventType "tourn (corr)"]
[EventRounds "14"]
[EventCountry "ARG"]
[EventCategory "5"]
[SourceTitle "Corr 2002"]
[Source "ChessBase"]
[SourceDate "2002.05.23"]
[SourceVersion "1"]
[SourceVersionDate "2002.05.23"]
[SourceQuality "1"]

1. d4 d5 2. c4 e6 3. Nc3 c6 4. e4 dxe4 5. Nxe4 Bb4+ 6. Bd2 Qxd4 7. Bxb4 Qxe4+ 8. Be2 c5 9. Bxc5 Qxg2 10. Qd4 Nd7 11. Bf3 Qg5 12. Bb4 Qe5+ 13. Ne2 Qxd4 14. Nxd4 Ne5 15. 0-0-0 a6 16. Bg2 Ne7 17. c5 N5c6 18. Nxc6 Nxc6 19. Bc3 Ne7 20. Rhg1 f6 21. Be4 Kf7 22. Rd6 e5 23. f4 exf4 24. Rxg7+ Kxg7 25. Bxf6+ Kg8 26. Rd8+ Kf7 27. Bxh8 Nc6 28. Bd5+ Ke7 29. Bf6+ Kxf6 0-1

[Event "Pappier mem-C email"]
[Site "Argentina"]
[Date "1998.??.??"]
[Round "?"]
[White "Luzardo Alvarez, Julio Cesar"]
[Black "Arias Duval, Gonzalo Carlos"]
[Result "1/2-1/2"]
[WhiteElo "2304"]
[BlackElo "2216"]
[PlyCount "58"]
[EventDate "1998.??.??"]
[EventType "tourn (corr)"]
[EventRounds "14"]
[EventCountry "ARG"]
[EventCategory "5"]
[SourceTitle "Corr 2002"]
[Source "ChessBase"]
[SourceDate "2002.05.23"]
[SourceVersion "1"]
[SourceVersionDate "2002.05.23"]
[SourceQuality "1"]

1. d4 Nf6 2. c4 e6 3. Nc3 d5 4. cxd5 exd5 5. Bg5 Nbd7 6. e3 Be7 7. Bd3 c6 8. Qc2 0-0 9. Nf3 Re8 10. 0-0 Nf8 11. Rae1 Ne4 12. Bxe7 Qxe7 13. Bxe4 dxe4 14. Nd2 f5 15. f3 exf3 16. Nxf3 Be6 17. e4 fxe4 18. Rxe4 Rad8 19. Ne2 Ng6 20. b3 Rf8 21. Qc5 Qxc5 22. dxc5 Bd5 23. Rd4 b6 24. cxb6 axb6 25. Nc3 Bxf3 26. Rxd8 Rxd8 27. Rxf3 Rd2 28. Rf2 Rxf2 29. Kxf2 Ne5 1/2-1/2

[Event "Pappier mem-C email"]
[Site "Argentina"]
[Date "1998.??.??"]
[Round "?"]
[White "Luzardo Alvarez, Julio Cesar"]
[Black "Beaumont, David"]
[Result "0-1"]
[WhiteElo "2304"]
[BlackElo "2296"]
[PlyCount "58"]
[EventDate "1998.??.??"]
[EventType "tourn (corr)"]
[EventRounds "14"]
[EventCountry "ARG"]
[EventCategory "5"]
[SourceTitle "Corr 2002"]
[Source "ChessBase"]
[SourceDate "2002.05.23"]
[SourceVersion "1"]
[SourceVersionDate "2002.05.23"]
[SourceQuality "1"]

1. d4 Nf6 2. c4 c5 3. d5 b5 4. cxb5 a6 5. bxa6 Bxa6 6. Nc3 g6 7. g3 d6 8. Bg2 Bg7 9. Nh3 Nbd7 10. 0-0 0-0 11. Re1 Qb6 12. Qc2 Rfb8 13. Rb1 Ne5 14. Bg5 Nc4 15. e4 Qb4 16. Bf1 h6 17. Bxf6 Bxf6 18. Bxc4 Bxc4 19. Nf4 Bxa2 20. Nxa2 Rxa2 21. Re2 c4 22. Rc1 c3 23. Nd3 Qd4 24. Rb1 cxb2 25. Kg2 Ra1 26. Ree1 Rxb1 27. Qxb1 Rb3 28. Nf4 Ra3 29. Ne2 Qd2 0-1

[Event "Pappier mem-C email"]
[Site "Argentina"]
[Date "1998.??.??"]
[Round "?"]
[White "Luzardo Alvarez, Julio Cesar"]
[Black "Tosti, Ricardo Remigio"]
[Result "0-1"]
[WhiteElo "2304"]
[BlackElo "2475"]
[PlyCount "84"]
[EventDate "1998.??.??"]
[EventType "tourn (corr)"]
[EventRounds "14"]
[EventCountry "ARG"]
[EventCategory "5"]
[SourceTitle "Corr 2002"]
[Source "ChessBase"]
[SourceDate "2002.05.23"]
[SourceVersion "1"]
[SourceVersionDate "2002.05.23"]
[SourceQuality "1"]

1. d4 Nf6 2. c4 e6 3. Nc3 Bb4 4. e3 0-0 5. Bd3 c5 6. Nge2 cxd4 7. exd4 d5 8. 0-0 dxc4 9. Bxc4 Nc6 10. Bg5 Be7 11. Rc1 Qa5 12. Bxf6 Bxf6 13. Ne4 Be7 14. Qb3 Rd8 15. Rfd1 Nb4 16. a3 Nd5 17. Qg3 b6 18. b4 Qa4 19. Rd3 Ba6 20. N4c3 Nxc3 21. Rdxc3 Bxc4 22. Rxc4 b5 23. Rc6 a5 24. Qc7 Bg5 25. f4 Bf6 26. Qb7 axb4 27. axb4 Qxb4 28. Kf1 Qa4 29. Rc7 Bxd4 30. Nxd4 Qxd4 31. Qxa8 Rxa8 32. Rc8+ Qd8 33. Rxd8+ Rxd8 34. Ke2 Rb8 35. Kd3 h6 36. Rb1 g5 37. g3 gxf4 38. gxf4 b4 39. Kc4 b3 40. Rxb3 Rxb3 41. Kxb3 Kg7 42. Kc3 Kg6 0-1